Азербайджан, Армения или Грузия? - Statistics

General Stats
  • This quiz has been taken 35 times
  • The average score is 10 of 16
Answer Stats
Question Answer % Correct
Хачапури — популярное блюдо традиционной кухни. Грузия
97%
Крупнейшая страна по площади и по численности населения. Азербайджан
80%
Флаг не содержит белого цвета. Армения
73%
Граничит с Чёрным морем. Грузия
70%
Граничит с Каспийским морем. Азербайджан
70%
В стране более 8000 лет выращивают виноград и производят вино. Грузия
70%
Дудук является символом национальной музыки. Армения
67%
Страна считается первой в мире, официально принявшей христианство в 301 году. Армения
67%
Самым успешным футбольным клубом страны считается «Карабах». Азербайджан
67%
Здесь расположено озеро Севан. Армения
63%
Не имеет границы с Россией. Армения
60%
Съёмки фильма «Мимино» в основном проходили здесь. Грузия
57%
Символом столицы является Девичья башня. Азербайджан
50%
Победитель «Евровидения» в 2011 году. Азербайджан
47%
Имеет самые крупные грязевые вулканы в мире. Азербайджан
37%
В этой стране родился Сергей Параджанов. Грузия
10%
No matching quizzes found
Score Distribution
Percent of People with Each Score
Percentile by Number Answered
Your Score History
You have not taken this quiz